[Event "Muenster op"]
[Site "Muenster"]
[Date "1991.10.24"]
[Round "7"]
[White "Kalinitschew, Sergey"]
[Black "Kaspi, Alexander"]
[Result "1-0"]
[WhiteElo "2430"]
[BlackElo "2380"]
[Annotator "Kalinitschew,S"]
[PlyCount "47"]
[EventDate "1991.10.19"]
[EventType "swiss"]
[EventRounds "9"]
[EventCountry "GER"]
[SourceTitle "EXT 1997"]
[Source "ChessBase"]
[SourceDate "1996.11.15"]
[SourceVersion "1"]
[SourceVersionDate "1996.11.15"]
[SourceQuality "1"]

1. d4 Nf6 2. Nf3 e6 3. c4 b6 4. g3 Ba6 5. b3 Bb4+ 6. Bd2 Be7 7. Bg2 c6 8. Bc3
d5 9. Nbd2 O-O 10. O-O Nbd7 11. Re1 c5 12. e4 Nxe4 $6 13. Nxe4 dxe4 14. Rxe4
Bb7 15. Re3 cxd4 $6 16. Nxd4 Bxg2 17. Kxg2 Qc7 18. Qf3 $16 Rac8 19. Rd1 a6 $2
20. Nf5 Bf6 (20... Nf6 21. Nxg7 $3 Kxg7 22. Qg4+ Kh8 (22... Kh6 23. Rxe6 $1 {
/\Bd2}) 23. Qg5 Qb7+ 24. Kg1 e5 25. Rxe5 Rc6 26. Rde1 Bd8 (26... Rg8 27. Rxe7)
27. Re8 $1 $18) 21. Rxd7 $1 Qxd7 22. Nh6+ Kh8 (22... gxh6 23. Bxf6 $1 (23. Qxf6
e5) 23... Qc6 24. Re4 h5 25. Kh3 Rfe8 26. Qe3 $18) 23. Qxf6 $1 e5 24. Bxe5 {
0.49-1.12} (24. Bxe5 Qc6+ 25. Qxc6 Rxc6 26. Bd6 $1 Ra8 27. Nxf7+ Kg8 28. Re7
Rf8 29. Rd7 $1) 1-0

[Event "Poikovsky Karpov 11th"]
[Site "Poikovsky"]
[Date "2010.06.10"]
[Round "8"]
[White "Riazantsev, Alexander"]
[Black "Karjakin, Sergey"]
[Result "0-1"]
[WhiteElo "2674"]
[BlackElo "2739"]
[Annotator "Karjakin,S"]
[PlyCount "98"]
[EventDate "2010.06.02"]
[EventType "tourn"]
[EventRounds "11"]
[EventCountry "RUS"]
[EventCategory "18"]
[SourceTitle "CBM 137"]
[Source "ChessBase"]
[SourceDate "2010.07.15"]
[SourceVersion "1"]
[SourceVersionDate "2010.07.15"]
[SourceQuality "1"]

1. d4 Nf6 2. c4 e6 3. Nf3 b6 4. g3 Ba6 5. Qc2 {My opponent had never played
this line before, so I did not expect it.} Bb7 6. Bg2 c5 7. d5 exd5 8. cxd5
Nxd5 9. O-O Be7 10. Qe4 {This was the real surprise, as White usually plays 10.
Rd1. But I had played this line before and thought that I was well prepared...}
Na6 11. Nh4 g6 12. Nf5 $1 $146 {A strong novelty, but the computer shows it,
so this was not a surprise for me.} ({It is clearly better than} 12. Qe5 f6 13.
Qe4 Qc8 {Svidler-Karjakin Sochi 2008.}) 12... gxf5 13. Qe5 O-O 14. Qxf5 (14.
Bxd5 Bf6 15. Qxf5 Bxd5 16. Qxd5 Nb4 17. Qf5 (17. Qd1 d5 $132) 17... Qe7 18. a3
Nc6 19. Nc3 Qe6 20. Qh5 Bxc3 21. bxc3 d5 {looks ok for Black.}) 14... Re8 ({
Black can also start with} 14... Bf6 {where White can transpose to the game
with} 15. Nc3 $5 Nac7 16. Be4 Re8) 15. Nc3 ({The greedy} 15. Bxd5 {does not
promise White anything after} Bxd5 16. Qxd5 Nc7 {followed by ...d5.}) 15...
Nac7 (15... Nxc3 16. Qg4+ Bg5 17. bxc3 {is very bad for Black.}) 16. Be4 ({
Of course not} 16. Nxd5 Bxd5 17. Bxd5 Nxd5 18. Qxd5 Bf6 {and Black is just
fine.}) 16... Bf6 17. Qxh7+ Kf8 18. Bxd5 Bxd5 19. Nxd5 Nxd5 20. e4 Nc7 21. Bh6+
Ke7 22. e5 Bxe5 {But after my opponent played} 23. Qe4 $1 {I realised that
there was something wrong with my analyses :-)} ({I analysed till here and
thought it is a draw after} 23. Bg5+ Bf6 24. Rfe1+ Ne6 25. Rxe6+ dxe6 26. Bxf6+
Kxf6 27. Qh6+ Ke7 28. Qh4+ $11) 23... f6 (23... d5 24. Qxe5+ Kd7 25. Qf5+ Kc6
26. Qxf7 {looks terrible for Black with 3 connected pawns!}) (23... Kf6 $4 {
loses immediately after} 24. Bg5+ Kxg5 25. f4+ Kh6 26. fxe5 Qe7 27. Rf5 $18)
24. f4 d5 25. Qh7+ Kd6 26. fxe5+ fxe5 27. Rf7 {Black has an extra pawn, but
due to his very bad king it is very difficult to play and I think White has a
strong initiative!} Ne6 ({After} 27... Kc6 28. Raf1 {I did not see what to do.}
) 28. Qg6 Kc6 $2 ({Perhaps a better chance was} 28... Re7 29. Bg5 Rxf7 30. Bxd8
Rg7 31. Qh6 Rxd8 32. Rf1 {, but White should be better here.}) 29. Raf1 $16 {
At this moment my opponent was still on his preparation and I already had
about 15 minutes left! A very difficult moment in this game!} d4 {All other
moves are equally bad.} 30. R1f6 Qd5 31. Rxa7 Rad8 32. a4 $6 {This is also
good, but White is missing two forced wins:} (32. Qf7 Kb5 33. b3 d3 34. Bd2
Qd4+ 35. Kf1 Qg4 36. a4+ Kc6 37. Qb7+ Kd6 38. Kg2 Rh8 39. Rf2 Qh5 40. h4 Qe8
41. Rf6 $18) (32. Bf8 d3 33. Be7 Kb5 34. Bxd8 Qxd8 35. Rxe6 Qd4+ 36. Kf1 Rf8+
37. Kg2 Qd5+ 38. Kh3 Rh8+ 39. Kg4 Qd4+ 40. Kf3 $18) 32... c4 $2 {A mistake,
but having 7 minutes on the clock I was not able to understand anything about
what is going on :-).} (32... d3 33. Qf7 Qd4+ 34. Kg2 Kd6 35. Kh3 d2 36. Rd7+
Rxd7 37. Qxe8 Qd5 38. Bxd2 Kc7 {should be winning for White, but was a better
practical chance.}) 33. Qf7 $2 ({It is easy with a computer, but in the
practical game it was really hard to find:} 33. Bf8 $3 {with the idea Qf7} Rxf8
34. Rxe6+ Rd6 35. Qh7 Qxe6 36. Qb7+ Kc5 37. Ra5+ bxa5 (37... Kb4 38. Rb5+ Kxa4
39. Qa6#) 38. Qb5#) 33... Kc5 {White is still better, but now things are
geting complicated!} 34. Bd2 (34. Rc7+ Kb4 35. Re7 Rxe7 36. Qxe7+ Qc5 37. Qxe6
d3+ 38. Kf1 d2 39. Qxb6+ Qxb6 40. Bxd2+ Rxd2 41. Rxb6+ $16 {The endgame is
most likely winning for White.}) 34... c3 35. Rc7+ $2 ({This was a total
surprise for me as I was expecting only} 35. bxc3 Kc4 36. cxd4 Nxd4 {where
White is better, but due to the active position of the king Black has
practical chances for a draw.}) 35... Kb4 36. bxc3+ Kb3 $2 {Too optimistic! I
spend almost all my time trying to understand what my opponent had prepared
against 36...dxc3. I felt it is stronger than the text move, but finally I
decided not to play it, as I felt that my opponent was missing the point of
the game and had almost caught up with me on time!} ({Of course stronger was} 
36... dxc3 37. Bxc3+ Kb3 (37... Ka3 $5) 38. Rxe6 Rxe6 39. h4 Red6 40. Bxe5 Qxf7
41. Rxf7 Re6 42. Bf4 Kxa4 43. Kg2 {where White has to fight for a draw!}) 37.
c4 $2 ({White had a strong move:} 37. Rxe6 $1 Rxe6 38. Qf1 Rc6 39. Qb1+ Kc4 40.
Rh7 Rc5 41. Qf1+ Kb3 42. Rh6 b5 43. Qd1+ Kb2 44. axb5 Ra8 45. Qc1+ Kb3 46. Qb1+
Kc4 47. Rh4 e4 48. Qf1+ d3 49. Qe1 Kxb5 50. Rxe4 Kc6 51. Rd4 Qf5 52. g4 Qe5 53.
Qf1 Rd5 54. Rc4+ Rc5 55. Qxd3 $16 {But all these lines are very computer like
and it is hard to blame players for not finding some moves especially in
mutual time-trouble!}) (37. Qg6 d3 38. Rcf7 Nf4 $19 {is losing for White!})
37... Qd6 38. Rb7 $2 (38. Rxe6 $1 Qxe6 39. Qf3+ Kc2 40. Qe2 Qf5 41. c5 Rc8 $11
{looks like a draw.}) 38... d3 {Here I was very happy with my postion! As my
king was not mated I simply have an extra king in the position! Because it
will help me to promote pawns! Now I think Black is winning!} 39. a5 Qd4+ 40.
Kf1 Qe4 41. Kg1 {Here my opponent offered me a draw, but I already could not
miss my chance!} Kc2 $1 42. Rxb6 (42. Rf2 Nd4 $19) 42... Kxd2 43. Rbxe6 Rxe6
44. Qxe6 Kc2 {Black's king is feeling very safe and Black simply promotes the
pawn!} 45. c5 Qd5 46. Qg4 Qd4+ 47. Rf2+ (47. Qxd4 exd4 $19) 47... d2 48. Qf3 e4
49. Qf7 Kc3 {White resigned! Of course there were many mistakes, but it is
easy with a computer and really hard to play such an unusual postion! By the
way, I think this game is a little bit similar to Gashimov-Grischuk, but there
Alexander even managed to get a better result, as he came with the king to a1 :
-)!} 0-1

[Event "RUS-ch"]
[Site "Elista"]
[Date "1996.??.??"]
[Round "5"]
[White "Khalifman, Alexander"]
[Black "Namgilov, Sogto"]
[Result "1-0"]
[WhiteElo "2640"]
[BlackElo "2495"]
[Annotator "Khalifman,A"]
[PlyCount "77"]
[EventDate "1996.10.15"]
[EventType "swiss"]
[EventRounds "11"]
[EventCountry "RUS"]
[SourceTitle "CBM 056"]
[Source "ChessBase"]
[SourceDate "1997.02.01"]
[SourceVersion "1"]
[SourceVersionDate "1997.02.01"]
[SourceQuality "1"]

1. d4 {Chekhov Ftacnik} Nf6 2. c4 e6 3. Nf3 b6 4. g3 Ba6 5. b3 Bb4+ 6. Bd2 Be7
7. Bg2 c6 8. Bc3 d5 9. Ne5 Nfd7 10. Nxd7 Nxd7 11. Nd2 O-O 12. O-O Rb8 $6 (12...
Rc8 $5 {Chekhov Ftacnik}) 13. Bb2 (13. e4 {Ftacnik} b5 14. Re1 (14. Rc1 bxc4
15. bxc4 dxc4 16. Qa4 Bb5 17. Qc2 e5 18. Nf3 Qc7 19. Rfd1 Bf6 20. dxe5 Nxe5 21.
Nxe5 Bxe5 22. Bf1 Bxc3 23. Qxc3 c5 24. Rd5 {1/2-1/2 Gonzalez,GJ-Farago,I/
Budapest Elekes (10)/1995/}) 14... dxc4 (14... bxc4 15. bxc4 dxc4 16. Qa4 Bb5
17. Qc2 Ba3 18. Nxc4 Bxc4 19. Qa4 Bb2 20. Bxb2 Rxb2 21. Qxc4 Qb6 {1/2-1/2
Jakob,S-Lee,G/Biel op (03)/1991/ (31)}) 15. bxc4 Nb6 16. cxb5 cxb5 17. Rc1 b4
18. Ba1 Rc8 19. Nb3 Bc4 20. d5 exd5 21. exd5 Bf6 22. Bxf6 Qxf6 23. Na5 Bxa2 24.
Nc6 b3 25. Ne7+ Qxe7 26. Rxe7 b2 27. Rxc8 Rxc8 28. Be4 {1-0 Torre,E-Seirawan,Y/
Toluca izt (09)/1982/ (46)}) (13. Re1 {Ftacnik} b5 14. c5 e5 (14... b4 15. Bb2
e5 16. dxe5 Bxc5 17. Rc1 Qb6 18. e3 Be7 19. Nf3 Rbd8 20. Nd4 Nxe5 21. Nf5 Bf6
22. Bxe5 Bxe5 23. Ne7+ Kh8 24. Nxc6 $16 {Gagarin-Batsanin/Vladivostok/1995/})
15. dxe5 Nxc5 16. a3 (16. Rc1 Ne6 17. b4 d4 18. Bb2 Bxb4 19. Bxc6 Qa5 $15)
16... Ne6 17. b4 d4 18. Bb2 c5 19. bxc5 Bxc5 20. Ne4 Be7 21. e3 dxe3 22. Rxe3
Qxd1+ 23. Rxd1 Bb7 24. Rd7 Bxe4 25. Rxe7 (25. Bxe4 Bc5 26. Re2 b4 27. a4 Bb6
$13) 25... Bxg2 26. Kxg2 a5 27. Ra7 Ra8 $10 {Karpov,An-Kamsky,G (03)/Fide-Wch 
(Elista)/1996/1/2-1/2 (49)}) (13. a4 {Ftacnik} Nf6 14. e4 c5 {1/2-1/2 Horvath,
J-Farago,I/HUN-ch (10)/1993/} (14... c5 {Chekhov} 15. exd5 exd5 16. Re1 Bb7 17.
dxc5 Bxc5 18. Be5 Rc8 19. cxd5 Bxd5 20. Bxd5 Nxd5 21. Ne4 $14 {Butnorius,
A-Lerner,K/St Petersburg/1992/0,5/42/})) 13... b5 (13... Nf6 14. e4 c5 15. exd5
exd5 16. dxc5 dxc4 17. Be5 $1 cxb3 18. Re1 b2 19. Rb1 Rc8 $16) 14. c5 e5 15.
dxe5 (15. b4 {Ftacnik} e4 16. f3 f5 17. a4 $14) 15... Nxc5 16. Rc1 $5 {/\
f2-f4-f5 N/} (16. a3 Bb7 17. b4 (17. Rc1 Ne6 18. e4 c5) 17... Na4 (17... Ne6
18. Nb3 $1 c5 19. bxc5 Nxc5 20. Bd4 Nxb3 21. Qxb3 a6 22. Rad1 $16) 18. Bd4 a5
19. Qb3 {Ftacnik} Nb6 20. Qc3 Na4 (20... Nc4 21. Nb3 a4 22. Nc5 $16) 21. Qb3
Nb6 22. Rfd1 (22. Rfc1 $5) 22... Nc4 23. Qc3 Ra8 24. Nb3 Qc7 25. Nc5 Bc8 26. e4
$1 (26. h3 Rd8 27. g4 $5 {Karpov,An-Kamsky,G (13)/Fide-Wch (Elista)/1996/1/2-1/
2 (90)}) 26... dxe4 27. Bxe4 $16) 16... Qd7 $6 (16... Rc8 17. f4 f5 18. exf6
Bxf6 19. Bxf6 Qxf6 20. Nf3 $16) (16... Qa5 $5 17. Kh1 $1 (17. f4 $6 Qxa2 18.
Bd4 Qa3) 17... Qxa2 $2 18. Bd4) (16... b4 $5 {Ftacnik} 17. f4 Qa5 $13) (16...
Bb7 {Chekhov} 17. f4 f5 18. exf6 Bxf6 (18... gxf6 19. Nf3 (19. e4 Nd3) 19...
Ne4 20. Nd4 Qd7 21. f5 $16) 19. Bxf6 $6 (19. Ba3 $1 Bd4+ 20. Kh1 Qb6 21. Nc4
dxc4 22. Qxd4 Ne6 23. Qxb6 axb6 24. Bxf8 $18) 19... Qxf6 20. Rxc5 Qd4+) 17. f4
$16 Qg4 (17... f5 $2 {Chekhov} 18. exf6 $22 Bxf6 19. Bxf6 Rxf6 20. Rxc5 $18) (
17... Rbd8 {Chekhov} 18. f5 $16) (17... Rfe8 {Chekhov} 18. f5 Bf8 19. Bd4 $16)
18. Bd4 Ne6 19. Bxa7 Ra8 20. Bf2 Bb7 (20... b4 $2 {Ftacnik} 21. Bf3 Qg6 (21...
Qh3 {Chekhov} 22. Rxc6 $18) 22. Rxc6 $18) 21. e4 $1 {Ftacnik: Very isntructive
position, white tries to win the fight in the center of the board. Ftacnik:
Sehr instruktiv, Weiß versucht den Kampf im Zentrum zu entscheiden.} Qxd1 (
21... f5 {Ftacnik} 22. exf6 Qxd1 23. Rfxd1 Bxf6 24. e5 Be7 25. Rc2 $16) 22.
Rfxd1 Rxa2 (22... dxe4 23. Nxe4 Rxa2 24. f5 (24. Rd7 $18 {Chekhov})) 23. exd5
cxd5 24. f5 Nd8 $8 (24... Bg5 25. fxe6 Rxd2 (25... Bxd2 26. Rc7 $18) 26. Rxd2
Bxd2 27. Rc7 Ba8 28. exf7+ Rxf7 29. Rc8+ Rf8 30. Rxa8 $18) (24... Ng5 25. Rc7
Bb4 26. Be3 $18) (24... Ba3 25. Ra1 Rxa1 26. Rxa1 Bb4 27. fxe6 Bxd2 28. Ra7 Bc6
29. Rc7 $18) 25. Nf1 Bg5 (25... Re2 26. Rc7 $1 Rxe5 (26... Bb4 {Ftacnik} 27.
Bxd5 Bxd5 28. Rxd5 $18) 27. Bd4 $18 (27. Bd4 Re2 28. Bf3 Bd6 29. Rd7 $18)) 26.
Rc7 g6 27. h4 Bh6 28. Bc5 Re8 29. Bxd5 Bxd5 (29... Rc2 {Ftacnik} 30. b4 Bxd5
31. Rxd5 $18) 30. Rxd5 {/\ 31.Rc8 Ftacnik: Khalifman have managed to severely
limit the scope of black's pieces mobility. Ftacnik: Khalifman hat es
geschafft, die Bewegungsfreiheit der schwarzen Figuren ernsthaft
einzuschränken.} Ra8 (30... gxf5 $2 {Ftacnik} 31. Rc8 $18) 31. g4 Bf4 32. Bd6
h5 (32... gxf5 {Ftacnik} 33. gxf5 Kg7 34. Rxb5 $18) 33. Rxb5 hxg4 34. Rc4 $1
Bh6 (34... Bxe5 {Ftacnik} 35. Bxe5 gxf5 36. Bf6 $18) 35. Rxg4 Kh7 36. fxg6+
fxg6 37. Ng3 Bg7 (37... Nf7 {Ftacnik} 38. Rb7 Ra7 39. Rxa7 Be3+ 40. Kg2 Bxa7
41. h5 Nxe5 42. Re4 $18) 38. h5 (38. Ne4 $18 {Chekhov}) 38... g5 (38... gxh5 {
Ftacnik} 39. Nxh5 Bh8 40. Nf6+ Bxf6 41. exf6 $18) 39. Ne4 (39. Ne4 {Ftacnik}
Kh6 40. Rxg5 Ne6 41. Rg6+ Kxh5 42. Rxg7 Nxg7 43. Nf6+ Kg6 44. Nxe8 $18) 1-0

[Event "Hoogovens"]
[Site "Wijk aan Zee"]
[Date "1998.01.29"]
[Round "11"]
[White "Van der Sterren, Paul"]
[Black "Karpov, Anatoly"]
[Result "0-1"]
[WhiteElo "2550"]
[BlackElo "2735"]
[Annotator "Khalifman,A"]
[PlyCount "52"]
[EventDate "1998.01.16"]
[EventType "tourn"]
[EventRounds "13"]
[EventCountry "NED"]
[EventCategory "17"]
[SourceTitle "CBM 063"]
[Source "ChessBase"]
[SourceDate "1998.03.26"]
[SourceVersion "1"]
[SourceVersionDate "1998.03.26"]
[SourceQuality "1"]

1. d4 {Ftacnik Avrukh,B Tyomkin,D} Nf6 2. c4 e6 3. Nf3 b6 4. g3 Ba6 5. b3 Bb4+
6. Bd2 Be7 7. Bg2 c6 8. Bc3 d5 9. Ne5 Nfd7 10. Nxd7 Nxd7 11. Nd2 O-O 12. O-O
Rc8 13. e4 c5 14. exd5 exd5 15. dxc5 dxc4 16. c6 cxb3 17. Re1 b2 (17... Bb5 {
Avrukh,B} 18. axb3 (18. Nxb3 {Ftacnik} Bxc6 19. Bxg7 Kxg7 20. Nd4 Bxg2 21. Nf5+
Kh8 22. Rxe7 Bh3 23. Qd4+ Ne5 24. Qxe5+ f6 25. Qe2 Bxf5 26. Rd1 Bg4 27. Rxd8
Bxe2 28. Rxf8+ Rxf8 {1/2-1/2 Barus-Zarnicki/Yerevan olm/1996/}) 18... Bxc6 19.
Bxc6 Rxc6 20. Rxa7 $14) 18. Bxb2 Nc5 (18... Nf6 {Avrukh,B} 19. Nb3 (19. Qb3 $5
Qxd2 20. Rxe7 Ng4 21. Qc3 Qxf2+ 22. Kh1 f6 $13 (22... Nf6 23. Qd4 $1 Qxd4 24.
Bxd4 $16 {[%csl Ga7]})) 19... Bb4 20. Re3 Qxd1+ 21. Rxd1 Rfd8 22. Rd4 $1 {
[%csl Gc6] with advantage for white.}) 19. Qg4 $2 {Ftacnik: It is hard to
believe, that white had not known enough theory. The fear of Karpov's
improvement had inspired him to choose second rate idea. Das ist in dieser
Stellung ein bekannter Fehler.} (19. Ba3 Bd6 (19... Bb5 $5) (19... Bb5 {
Avrukh,B} 20. Nb3 Bxc6 21. Qxd8 Bxd8 22. Nxc5 bxc5 23. Bxc5 Ba5 (23... Bf6 24.
Rab1 Rfd8 25. Bxa7 Bxg2 26. Kxg2 $16) 24. Rec1 Rfd8 25. Bxa7 $16) 20. Nb3 Nd3 (
20... Nxb3 {Avrukh,B} 21. Bxd6 Nxa1 22. Bxf8 $16) 21. Bxd6 Qxd6 22. Nc1 Rfd8
23. Nxd3 Bxd3 24. Qa4 (24. Bf1 {Avrukh,B} Kf8 $13) 24... a5 25. Rad1 Qc7 26.
Bh3 b5 27. Qh4 {1-0 Gheorghiu,F-Cserna,L/Berlin op 1986/EXT 86op}) (19. Nb3 $5
Nd3 20. Re2) (19. Nc4 {Avrukh,B Avrukh,B} Bxc4 (19... Bf6 $2 20. Bxf6 (20. Qxd8
$5 Rfxd8 21. Bxf6 gxf6 22. Ne3 Nd3 23. Red1 $14) 20... Qxf6 21. Ne5 Rfd8 {
Epishin,V-Bagaturov,G/Cappelle la Grande op 1997/1/2-1/2(40)} (21... Rfe8 $143
22. Nd7) (21... Rfd8 {Ftacnik} 22. Nd7 Qf5 23. Re5 (23. Re7 Bb5 24. a4 Bc4 $13)
23... Qxe5 (23... Qg6 $2 24. Re7 Bc4 25. c7 $1 Rxd7 26. Rxd7 Nxd7 27. Qxd7 $18)
24. Nxe5 Rxd1+ 25. Rxd1 Kf8 26. Nd7+ Ke8 $11 {1/2-1/2 Epishin,V-Bagaturov,G/
Cappelle op 1997 (40)})) 20. Qg4 Bg5 (20... Bf6 21. Bxf6 Qxf6 22. Qxc4 $14) 21.
Qxc4 (21. h4 Nd3 $19) 21... Nd3 22. Be5 (22. Bc3 Nxe1 23. Rxe1 Re8 24. Rb1 (24.
Rxe8+ Qxe8 25. Qg4 Bh6 $15 {[%cal Gc8c6] with idea 26...Rc6}) 24... Re6 25. h4
Bf6 26. Bb4 Qd4 $17 {Barus,C-Shneider,A/World Cities, Jakarta INA 1997/0-1(54)}
(26... Qd4 27. Qc2 g6 28. Bf3 Be7 {0-1 Barus,C-Shneider,A/World Cities 1997/ 
(54)})) (22. Re2 Nxb2 23. Rxb2 Bf6 $19) 22... Nxe1 23. Rxe1 Bf6 24. Bxf6 Qxf6
25. c7 Qd6 26. Rc1 b5 27. Qc2 g6 28. Bb7 b4 {1/2-1/2 Georgiev,K-Komarov,D/
JUG-chT 1997}) 19... Bf6 20. Bxf6 Qxf6 {Avrukh: White found himself under a
couple of threats:Nd3,or simply Bb5 with taking pawn c6} 21. Ne4 $2 ({Nach} 21.
Qf3 Qxf3 (21... Qd6 {Avrukh,B} 22. Nb3 (22. Ne4 Qxc6 23. Rac1 Rfe8 $17) 22...
Bb5 23. Nxc5 (23. Rad1 Qxc6) 23... bxc5) 22. Bxf3 (22. Nxf3 Rxc6 23. Re7 $11)
22... Bb5 23. Re7 {steht Schwarz auch besser, aber der Schaden ist nicht so
groß.} (23. Re7 Bxc6 24. Bxc6 Rxc6 25. Rxa7 $11)) (21. Nb3 $2 {Avrukh,B} Nd3
$19) (21. Rad1 {Avrukh,B} Nd3 $19) 21... Qxc6 22. Nxc5 (22. Rac1 {Ftacnik} Bb7
23. Qf5 Rfd8 $17) 22... Qxc5 {Schwarz hat einen ganzen Bauern mehr und der
Rest ist nur eine Sache der Technik. Weiß macht nun kurzen Prozess.} 23. Qa4 {
Avrukh: White probably missed 25move of black} Bb5 (23... Qb5 {Ftacnik} 24.
Qxb5 Bxb5 25. Re7 a6 26. a4 $15) 24. Qxa7 {Avrukh: desicive mistake} Rc7 25.
Bb7 Rxb7 {Simple, beautiful and decisive. White will be hopelessly weak along
a8 -h1 diagonal.} (25... Bc6 {Avrukh,B} 26. Rac1 Re7 $1 (26... Qd5 27. Bxc6)
27. Rf1 (27. Rxc5 Rxe1#) (27. Red1 Qh5 $1 $19 {[%csl Rb7,Rd1]}) 27... Qb5 28.
a4 $8 (28. Bxc6 $140 Qxf1+) (28. Rxc6 $140 Qxc6) 28... Qxa4 29. Qxa4 Bxa4 $17 (
29... Bxa4 {Ftacnik} 30. Bc6 $17)) 26. Qxb7 Bc6 (26... Bc6 27. Qe7 (27. Qc7 {
Avrukh,B} Qd5 28. Kf1 Qg2+ 29. Ke2 Re8+ 30. Kd3 Qd5+ 31. Kc3 (31. Kc2 Qc4+ {
-31.Kc3}) 31... Qc5+ 32. Kb2 (32. Kd2 Qd4+ 33. Kc2 Ba4+) (32. Kb3 Ba4+ (32...
Ra8 $19 {Ftacnik}) 33. Kxa4 Ra8+) 32... Qd4+ 33. Kb3 Qd3+ 34. Kb2 Qd2+ 35. Kb3
Bd5+) (27. Qa7 Qd5 28. Kf1 Qg2+ 29. Ke2 Re8+ 30. Kd3 Qd5+ 31. Kc3 Qc5+ 32. Kb2
(32. Kd2 Rd8+ 33. Ke2 Qc4+ 34. Ke3 Qe4#) (32. Kb3 Bd5+ 33. Kb2 Qd4+ 34. Kc2
Rc8+ 35. Kb1 Qb4#) 32... Qd4+ 33. Kc2 Be4+ (33... Ba4+ $19) 34. Rxe4 Rc8+ 35.
Kb3 Rc3+ 36. Kb2 Qd2+ 37. Kb1 Rc1#) 27... Qd5 (27... Qd5 28. Kf1 Qg2+ 29. Ke2
Re8 $19 (29... Bb5+ 30. Ke3 Re8 $19))) 0-1

[Event "Groningen PCA"]
[Site "Groningen"]
[Date "1993.??.??"]
[Round "1"]
[White "Khalifman, Alexander"]
[Black "Lutz, Christopher"]
[Result "1/2-1/2"]
[WhiteElo "2645"]
[BlackElo "2605"]
[Annotator "Khalifman,A"]
[PlyCount "47"]
[EventDate "1993.12.??"]
[EventType "swiss"]
[EventRounds "11"]
[EventCountry "NED"]
[SourceTitle "CBM 039"]
[Source "ChessBase"]
[SourceDate "1994.04.01"]
[SourceVersion "1"]
[SourceVersionDate "1994.04.01"]
[SourceQuality "1"]

1. d4 Nf6 2. Nf3 e6 3. c4 b6 4. g3 Ba6 5. b3 Bb4+ 6. Bd2 Be7 7. Bg2 c6 8. Bc3
d5 9. Ne5 Nfd7 10. Nxd7 Nxd7 11. Nd2 O-O 12. O-O Rc8 13. e4 b5 (13... c5 14.
exd5 exd5 15. dxc5 dxc4 16. c6 cxb3 17. Re1 Bb5 18. axb3 $14) (13... dxe4 14.
Nxe4 b5 15. Qe2 $1 bxc4 16. Rfd1 Rc7 (16... Nb6 17. Nc5 $1 $16) 17. Ba5 $1 (17.
Nd2 Nb6 18. Nxc4 Bf6 $10 {Epishin,V-Magerramov,E USSR ch 1991}) 17... Nb6 18.
Nc5 Qc8 19. Rac1 Rd8 20. bxc4 $14) 14. Re1 dxe4 (14... bxc4 15. bxc4 dxc4 16.
Qa4 (16. Qc2 Qc7 17. Bf1 e5 18. Nxc4 $14 {Chernin,A-Psakhis,L Beer Sheva 1993})
16... Bb5 17. Qc2 e5 $5 18. Nf3 $1 $14 {Savchenko,S-Anastasian,A Rostov op 1993
}) 15. Nxe4 (15. c5 $6 f5 16. f3 $2 (16. b4 Nf6 $15) 16... b4 $1 17. Bxb4 Ne5
$17 {Karpov,A-Timman,J WM Zwolle (2) 1993}) (15. Bxe4 bxc4 16. bxc4 c5 17. d5
exd5 18. Bxd5 Bf6 19. Rc1 Nb6 $10 {Dzhandzhgava,L-Chandler,M London LB 1990})
15... bxc4 16. Qe2 Nf6 $1 (16... c5 $6 17. dxc5 Nxc5 18. Qg4 $1 g6 19. Nxc5
Rxc5 20. Rad1 $36) (16... Rc7 17. Rad1 Qc8 18. Bf1 $1 $14 {Epishin,V-Shneider,
A Alekhin mem op 1992}) 17. Red1 {N} (17. Nc5 $5 Bxc5 (17... Qb6 18. bxc4 $1
Bxc5 19. Rab1 $16) 18. dxc5 Qe7 (18... Qd3 19. Qe5 Qf5 20. Bf1 $1 $14) (18...
Nd5 19. Be5 $16) 19. b4 $5 (19. Qe5 cxb3 20. axb3 Bb5 $13) 19... Rfd8 $1 (19...
Nd5 20. Bxd5 $1 (20. Be5 Nxb4 $1 21. Bd6 (21. Bxg7 Kxg7 22. Qb2+ Qf6 23. Qxb4
Rb8 $13) 21... Qf6 22. Bxf8 Rxf8 $44) 20... cxd5 21. Qe5 Qf6 (21... f6 22.
Qxe6+ Qxe6 23. Rxe6 $16) 22. Qxf6 gxf6 23. Bxf6 Rb8 24. Reb1 $1 $14) 20. Be5
Rd3 21. a4 Nd5 22. Rab1 c3 23. b5 (23. Bxd5 $2 Rxg3+ $1 $19) 23... Rd2 $132) (
17. Rac1 Nxe4 18. Bxe4 Bf6 19. Red1 Qe7 (19... Qd6 $5) 20. Qh5 g6 21. Qa5 Qb7
22. bxc4 Bxc4 23. Bb4 Qb5 24. Qxb5 cxb5 $44 {Vyzhmanavin,A-Magerramov,E
Cheliabinsk 1991}) 17... Nxe4 18. Bxe4 Qd6 19. bxc4 (19. Rac1 Rb8 $13) 19...
Bf6 (19... Rfd8 $5) 20. Qh5 (20. Rab1 Rb8 21. Rb3 Rfd8 $10) (20. Qc2 $6 Bxc4 $1
21. Bxh7+ Kh8 $13) 20... h6 $1 (20... g6 21. Qa5 Bxc4 (21... c5 22. Qa3 $1 $16)
22. Bb4 Qd8 23. Qc5 $1 Bd5 24. Qxf8+ Qxf8 25. Bxf8 Kxf8 $14) 21. Qa5 (21. c5
Qe7 $1 (21... Qd7 22. Rac1 $1 Bc4 23. d5 $1) 22. Qf3 Qc7 $13) 21... c5 (21...
Bxc4 22. Bb4 Qd8 23. Qc5 $14) 22. d5 (22. Qa3 $6 Bxc4 23. Qxa7 Rc7 $17) (22.
dxc5 $6 Qxc5 23. Qxc5 Rxc5 24. Bxf6 gxf6 25. Rd7 Rxc4 $15) 22... Bd4 $1 (22...
Bxc4 23. Bxf6 gxf6 24. Qc3 Qa6 $1 25. d6 $44) (22... Bxc3 23. Qxc3 $14) 23. Qa3
Rfd8 24. Rac1 (24. Rac1 Bxc4 (24... e5 $13) 25. Bxd4 cxd4 26. Qxd6 Rxd6 27.
Rxd4 exd5 28. Bxd5 Rcd8 29. Rcxc4 Rxd5 30. Rxd5 Rxd5 $10) 1/2-1/2